Geography by letter F - Click - Statistics

General Stats
  • This quiz has been taken 165 times
    129 since last reset
  • The average score is 12 of 13
Answer Stats
Hint Answer % Correct
German economic centre Frankfurt
96%
US state that is a peninsula Florida
94%
City in Alaska Fairbanks
93%
Japanese island known for a nuclear disaster Fukushima
93%
The happiest country in the world Finland
92%
Country invaded by Germany in 1940 France
92%
Geographical term that means a long, deep narrow body of water that reaches far inland Fjord
91%
Mountain in Japan near Tokyo Fuji
91%
Oceanian country Fiji
88%
tierra del la _____ Island shared by Argentina and Chile Fuego
88%
The capital of Sierra Leone Freetown
84%
Capital of Martinique Fort-de-France
82%
City in Brazil Fortaleza
76%
No matching quizzes found
Score Distribution
Percent of People with Each Score
Percentile by Number Answered
Your Score History
You have not taken this quiz since the last reset